| 000 | 00770cam a2200241 a 4500 | ||
|---|---|---|---|
| 001 | 000002830 | ||
| 005 | 20200929150251.0 | ||
| 008 | 770303s1976 sp b 001 0 spa | ||
| 020 | _a8433900412 | ||
| 040 |
_aDO-SdBNP _bspa _cBNPHU |
||
| 082 |
_a864.6 _bC348l |
||
| 100 | 1 |
_aCastellet, J. M. _q(Josep Maria), _d1926- _98961 |
|
| 245 | 1 | 0 |
_aLiteratura, ideología y política / _cJ. M. Castellet. |
| 260 |
_aBarcelona : _bAnagrama, _c1976. |
||
| 300 |
_a169 p. ; _c20 cm. |
||
| 440 | 0 |
_aArgumentos; _vno. 41 _98962 |
|
| 504 | _aIncluye referencias bibliográficas | ||
| 504 | _aIncluye listado de colección | ||
| 650 | 4 |
_aEnsayo español _93923 |
|
| 650 | 4 |
_aPolítica y literatura _98963 |
|
| 650 | 4 |
_aIdeología política _98964 |
|
| 650 | 4 |
_aLiteratura española _9632 |
|
| 999 |
_c2664 _d2664 |
||